000 00883nam a2200217 a 4500
003 DO-SdBNP
005 20211129112639.0
007 ta
008 211014e2018 dr a|||dr6||| 00| f spa d
040 _aDO-SdBNP
_bspa
_cBNPHU
082 _bC733e
245 1 0 _aComic educativo para la prevención de la trata y tráfico de niños, niñas y adolescentes /
_cideas y producción del texto, Liyana Pavón; ilustración Tony Núñez
260 _a[Santo Domingo] :
_bUSAID,
_bVargas,
_c2018
300 _a[12p.] :
_bil. ;
_c28 cm.
500 _aInforme de Gestión Procuraduría Especializada contra el Tráfico ilícito de Migrantes y la Trata de Personas 2015.
590 _aInventariado 2021 / MF
700 1 _aPavón, Liyana,
_etexto
_980213
700 _977999
_aNúñez, Tony
_eilustrador
710 1 _a United States.
_b Agency for International Development
_958056
942 _2ddc
_cLF2
999 _c50751
_d50751